| 000 | 00715nam a2200121Ia 4500 | ||
|---|---|---|---|
| 008 | 220615s9999||||xx |||||||||||||| ||und|| | ||
| 245 | 0 |
_aDivided Dreamworlds? _bThe Cultural Cold War in East and West |
|
| 546 | _aEnglish[eng] | ||
| 650 | _ageschiedenis||history||geography||and auxiliary disciplines||Cold War||East Germany||NIOD Institute for War||Holocaust and Genocide Studies||Soviet Union||United States||Yugoslavia | ||
| 700 | _aScott-Smith, Giles||Segal, Joes||Romijn, Peter | ||
| 856 | _uhttps://library.oapen.org/bitstream/20.500.12657/34481/1/425211.pdf||https://library.oapen.org/bitstream/20.500.12657/34481/1/425211.pdf||https://library.oapen.org/bitstream/20.500.12657/34481/1/425211.pdf | ||
| 942 | _cEB | ||
| 999 |
_c18929 _d18929 |
||